000 00962cam a2200241 a 4500
020 _a0521453895
082 0 0 _a355.02
_bSTO
_cL-40, P-62
100 _aMurray Williamson
_948764
245 0 4 _aThe Making of strategy :
_brulers, states, and war /
_cedited by Williamson Murray, MacGregor Knox, Alvin Bernstein.
260 _aCambridge, England ;
_aNew York :
_bCambridge University Press,
_c1994.
300 _axiv, 680 p. :
_bill. ;
_c24 cm.
526 _a0
_b0
_c0
_d355_020000000000000_STO
526 _a0
_b0
_c0
_d355_020000000000000_STO
526 _a0
_b0
_c0
_d355_020000000000000_STO
526 _a0
_b0
_c0
_d355_020000000000000_STO
650 0 _aStrategy
_xCase studies.
_948765
700 1 _aBernstein, Alvin H.
_948766
700 1 _aKnox, MacGregor.
_948767
700 1 _aMurray, Williamson.
_948768
856 4 1 _uhttp://www.loc.gov/catdir/toc/cam025/94002520.html
856 4 2 _uhttp://www.loc.gov/catdir/description/cam026/94002520.html
942 _2ddc
_cBK
999 _c551621
_d551621